|
|
|
|
| LEADER |
01476nam a2200337 i 4500 |
| 001 |
36725 |
| 003 |
BD-DhAAL |
| 005 |
20230412123235.0 |
| 008 |
191126t1979 mau b 001 0 eng |
| 010 |
|
|
|a 79063894
|
| 020 |
|
|
|a 0262110733
|
| 020 |
|
|
|a 0262610310 (pbk.)
|
| 020 |
|
|
|a 0262111608
|
| 020 |
|
|
|a 0262610809
|
| 040 |
|
|
|a DLC
|c DLC
|d DLC
|d BD-DhAAL
|
| 082 |
0 |
0 |
|a 330.015195
|2 20
|
| 100 |
1 |
|
|a Kennedy, Peter,
|d 1943-2010.
|9 37710
|
| 245 |
1 |
2 |
|a A guide to econometrics /
|c Peter Kennedy.
|
| 250 |
|
|
|a First MIT Press edition
|
| 260 |
|
|
|a Cambridge, Mass. :
|b MIT Press,
|c 1979.
|
| 300 |
|
|
|a xi, 175 pages ;
|a 410 pages :
|b graphs ;
|c 20 cm.
|
| 504 |
|
|
|a Includes bibliographical references (pages 163-171) and index.
|
| 526 |
|
|
|a ESS
|
| 541 |
|
|
|a Complimentary copy from Professor Dr. Nasreen Khundker.
Donated by Akbar Ali Khan
|e 36725, 41116
|
| 650 |
|
0 |
|a Econometrics.
|9 37711
|
| 650 |
|
0 |
|a Economics
|9 37712
|
| 852 |
|
|
|a Ayesha Abed Library
|c General stacks
|
| 942 |
|
|
|2 ddc
|c BK
|
| 999 |
|
|
|c 41910
|d 41910
|
| 952 |
|
|
|0 0
|1 0
|2 ddc
|4 0
|6 330_015195000000000_KEN
|7 0
|9 67297
|a BRACUL
|b BRACUL
|c GEN
|d 2019-11-26
|e Complimentary copy from Professor Dr. Nasreen Khundker.
|l 1
|m 29
|o 330.015195 KEN
|p 3010036725
|r 2024-11-21
|s 2024-03-28
|t 1
|w 2019-11-26
|y BK
|
| 952 |
|
|
|0 0
|1 0
|2 ddc
|4 0
|6 330_015195000000000_KEN
|7 1
|9 73543
|a BRACUL
|b BRACUL
|c AAKC
|d 2023-04-12
|e Donated by Akbar Ali Khan
|g 1483.94
|l 0
|o 330.015195 KEN
|p 3010041116
|r 2023-04-12
|t 2
|w 2023-04-12
|y BK
|x $ 13.95 Price available in book.
|